La grandeza del indio mexicano a través de Palafox y Mendoza y Granados y Gálvez /
Ensayos referentes a los religiosos españoles Juan de Palafox y Mendoza (1600-1659), obispo de Puebla y virrey de la Nueva España, y José Joaquín Granados y Gálvez (1743-1794), obispo de Sonora, quienes relevaron a fray Bartolomé de las Casas en la denuncia del maltrato de los indígenas a través de...
Сохранить в:
| Главный автор: | |
|---|---|
| Формат: | |
| Язык: | испанский |
| Опубликовано: |
Puebla, México :
Benemérita Universidad Autónoma de Puebla, Archivo Histórico Universitario,
2001, c2001
|
| Серии: | (Cuadernos del Archivo Histórico Universitario)
|
| Предметы: | |
| Метки: |
Нет меток, Требуется 1-ая метка записи!
|
MARC
| LEADER | 00000nam^a2200000^a^4500 | ||
|---|---|---|---|
| 001 | 000132358 | ||
| 005 | 20250521000000.0 | ||
| 009 | 20260310095054.735 | ||
| 037 | |a Acervo ITESO - Biblioteca | ||
| 041 | |a ESP | ||
| 082 | |a 972. 03 |b LAB | ||
| 100 | |a Labastida Muñoz, Horacio |e (autor) | ||
| 245 | 1 | 3 | |a La grandeza del indio mexicano a través de Palafox y Mendoza y Granados y Gálvez / |c H. Labastida Muñoz. |
| 264 | 4 | |a Puebla, México : |b Benemérita Universidad Autónoma de Puebla, Archivo Histórico Universitario, |c 2001, c2001 | |
| 300 | |a 173 p. | ||
| 336 | |a texto |b txt |2 rdacontenido | ||
| 337 | |a sin mediación |b n |2 rdamedio | ||
| 338 | |a volumen |b nc |2 rdasoporte | ||
| 440 | 1 | |a (Cuadernos del Archivo Histórico Universitario) | |
| 520 | |a Ensayos referentes a los religiosos españoles Juan de Palafox y Mendoza (1600-1659), obispo de Puebla y virrey de la Nueva España, y José Joaquín Granados y Gálvez (1743-1794), obispo de Sonora, quienes relevaron a fray Bartolomé de las Casas en la denuncia del maltrato de los indígenas a través de dos obras: De la naturaleza del indio, que Palafox enviara al rey Felipe IV, y Tardes americanas (1778), que Granados redactara a modo de diálogo entre un español y un indígena. | ||
| 649 | |a XX | ||
| 650 | |a Obispos de Puebla | ||
| 650 | |a Obispos de Sonora | ||
| 650 | |a Obispos de México | ||
| 650 | |a Ministros Religiosos Españoles | ||
| 650 | |a Virreyes de México | ||
| 650 | |a Políticos Españoles | ||
| 650 | |a Indígenas de México - |x Historia - |y Epoca Colonial, 1517-1821 | ||
| 650 | |a México - |x Historia - |y Virreinato, 1535-1821 | ||
| 650 | |a México - |x Historia - |y Epoca Colonial, 1517-1821 | ||
| 650 | |a Palafox y Mendoza, Juan de | ||
| 650 | |a Granados y Gálvez, José Joaquín | ||
| 910 | |a Fondo General | ||
| 920 | |a Impresos - Libros | ||
| 930 | |a Colección General | ||
| 905 | |a 101 | ||
| 901 | |a 0500061576 |b IT1 |c ACC |u 20250521 | ||
| 901 | |a 0500061573 |b IT1 |c ACC |u 20250521 | ||
| 902 | |a https://opac.biblio.iteso.mx/vufind/Record/000132358 | ||